Missing Word: Shared Song/Movie Quiz Stats

Quiz Updated Jul 9, 2012

Challenge
Share
Tweet
Embed
Score 0/30 Timer 02:00
0 Plays Today
Movie Word % Correct
____ to the FutureBack
99.5%
____ BeautyAmerican
95.4%
The ____ Wears Prada Devil
94.6%
Dude, Where's My ____? Car
92.9%
____ and the TrampLady
92.7%
____ the LineWalk
90.9%
How to ____ a Guy in 10 Days Lose
90%
____ Will HuntingGood
88.9%
____ RwandaHotel
88.6%
____ Day AfternoonDog
87.6%
Boys Don't ____ Cry
85.9%
____ WillyFree
82.8%
The ____ Of MusicSound
80.9%
Empire of the ____ Sun
72%
____ But TroubleNothing
71.9%
Movie Word % Correct
New ____Moon
71.5%
Man on ____Fire
64.7%
The ____ on the River KwaiBridge
61.8%
____ in RodantheNights
58.9%
An American Werewolf in ____ London
58%
____ Can WaitHeaven
57.3%
____ ClubFight
56.1%
Blood ____Diamond
51%
The ____ vs. Larry Flynt People
48.8%
Above the ____ Law
47.4%
Up in ____Smoke
46.5%
____ ManRain
46.1%
Days of ____Thunder
37.4%
The Color of ____Money
37%
The Age of ____Innocence
24.7%

Today's Daily Dose

You're not logged in!

Compare scores with friends on all Sporcle quizzes.
Sign Up with Email
OR
Log In

You Might Also Like...

Show Comments

Extras

Top Quizzes Today


Score Distribution

Your Account Isn't Verified!

In order to create a playlist on Sporcle, you need to verify the email address you used during registration. Go to your Sporcle Settings to finish the process.